000 00367nam a2200133Ia 4500
005 20260328104249.0
008 260328s9999||||xx |||||||||||||| ||und||
100 _aFriedman, Avi
245 0 _aNarrow Houses :
_b new Directions in Efficient Design /
_cAvi Friedman
260 _bPrinceton Architectural Press
300 _a236 p.
650 _aVIVIENDA
942 _cBK
999 _c10171
_d10171